Abandoned places : poems /

Bibliographic Details
Main Author: Guerra, Tonino
Other Authors: Bernardi, Adria, 1957-
Format: Book
Language:English
Published: Toronto ; Buffalo : Guernica, 1999.
Series:Essential poets ; 74.
Subjects:

MARC

Tag First Indicator Second Indicator Subfields
LEADER 00000cam a2200000 a 4500
001 in00001462321
005 20151021055921.0
008 990311s1999 onc 000 0 eng d
010 |a  95081893  
020 |a 1550710303 
035 |a (OCoLC)40942907 
035 |9 AJF5181AM 
040 |a UMC  |c UMC  |d TXA  |d UtOrBLW 
041 1 |a eng  |h ita 
049 |a TXAM 
090 |a PQ4867.U3  |b A235 1999 
100 1 |a Guerra, Tonino. 
245 1 0 |a Abandoned places :  |b poems /  |c Tonino Guerra ; translated from the Romagnole, Italian by Adria Bernardi. 
264 1 |a Toronto ;  |a Buffalo :  |b Guernica,  |c 1999. 
300 |a 143 pages ;  |c 19 cm. 
336 |a text  |b txt  |2 rdacontent 
337 |a unmediated  |b n  |2 rdamedia 
338 |a volume  |b nc  |2 rdacarrier 
490 1 |a Essential poets series ;  |v 74 
500 |a Poems translated from 4 books: Il miele, La capanna, Il viaggio, Il libro delle chiese abbandonate. 
600 1 0 |a Guerra, Tonino  |x Translations into English. 
700 1 |a Bernardi, Adria,  |d 1957- 
830 0 |a Essential poets ;  |v 74. 
948 |a c:ce 
999 |a MARS 
999 f f |s a651cf67-5bb3-3929-9140-52b4df418bc4  |i 271cbefd-ccb7-3ea3-a946-5bd6b80932da  |t 0 
952 f f |p ric  |a Texas A&M University  |b Rellis Campus  |c Joint Library Facility  |d Remote Storage  |t 0  |e PQ4867.U3 A235 1999  |h Library of Congress classification  |i unmediated -- volume  |m A14824120934 
998 f f |a PQ4867.U3 A235 1999  |t 0  |l Remote Storage